| 000 | 00602cam a22002051 4500 | ||
|---|---|---|---|
| 001 | ne 66001830 | ||
| 003 | DLC | ||
| 005 | 20260227111826.0 | ||
| 008 | 900712s1965 ua a 000 0 arar | ||
| 010 | _ane 66001830 | ||
| 025 | _aPL480:UAR-7677 | ||
| 035 | _a(OCoLC)21994894 | ||
| 040 |
_aDLC _cWaU _dDLC |
||
| 042 | _apremarc | ||
| 050 | 0 | 0 |
_aPJ7862.I35 _bU4 |
| 100 | 1 | _aSibāʻī, Yūsuf. | |
| 245 | 1 | 0 |
_aUmm Ratībah, _bfukāhīyah..masraḥīyah..fī thalāthat fuṣūl _c[taʼlīf] Yūsuf al-Sibāʻī. |
| 260 |
_aMiṣr, _bMuʼassasat al-Khānjī _c[1965] |
||
| 300 |
_a208 p. _billus. _c20 cm. |
||
| 999 |
_c49176 _d49176 |
||